Normal view
MARC view
- الحديث- المؤتلف والمختلف- جوامع الفنون- الاسماء الحسنى
Entry Topical Term
001 - CONTROL NUMBER
- control field: 41126
003 - CONTROL NUMBER IDENTIFIER
- control field: JO-AjAnu
005 - DATE AND TIME OF LATEST TRANSACTION
- control field: 20230606080831.0
008 - FIXED-LENGTH DATA ELEMENTS
- fixed length control field: 230606|| aca||aabn | a|a d
040 ## - CATALOGING SOURCE
- Original cataloging agency: JO-AjAnu
- Transcribing agency: JO-AjAnu
150 ## - HEADING--TOPICAL TERM
- Topical term or geographic name entry element: الحديث- المؤتلف والمختلف- جوامع الفنون- الاسماء الحسنى
670 ## - SOURCE DATA FOUND
- Source citation: Work cat.: (JO-AjAnu)21077: الشافعي، حسن بن علي السقاف, author 41125, تنقيح الفهوم العالية بما يثبت زما لم يثبت في حديث الجارية